000 01296cam a2200253 4500
001 J126458
008 040610n2004 000 0 eng u
035 _a(Sirsi) u126458
041 _aeng
050 _a333.0062
110 _aRoyal Institution of Chartered Surveyors
_bBrooke Review Committee
_94594
240 _aBrooke report
245 4 _aThe Brooke report
_breport of the Brooke Review Committee June 2004
260 _a[S.l.]
_bRICS
_c2004
490 _aRICS Brooke Review
520 _aFollowing six months of member consultation, the Brooke report outlines a plan to re-engage RICS members at local level, providing relevant professional communities. The report makes 44 recommendations, with key themes including devolution, professional communities, communication, self regulation, and RICS Matrics. Appendices include a consultation paper response analysis, an implementation plan and basic representative structure models.
650 _aRICS BROOKE REVIEW
650 _aRICS MEMBERSHIP
650 _aCONSULTATION PROCESS
690 _aRICS NEWS
710 _aRoyal Institution of Chartered Surveyors
_94900
856 _uhttps://www.rics.org/profession-standards/knowledge-and-information-services
_zPlease email [email protected] to request a copy
942 _n0
_2ddc
999 _c103619
_d103619